Answers Contain "Dark" - Statistics

General Stats
  • This quiz has been taken 40 times
  • The average score is 8 of 21
Answer Stats
Hint Answer % Correct
Other varieties are Milk, Semisweet, or White Dark Chocolate
91%
Batman film with Heath Ledger The Dark Knight
86%
Album by Pink Floyd with prism and rainbow The Dark Side of the Moon
71%
What the Tor browser can get you to Dark Web
69%
Time period following the decline of the Roman Emp. Dark Ages
66%
Material with positrons instead of electrons Dark Matter
54%
Such as phosphorescent stickers Glow-in-the-dark
40%
1984 Bruce Springsteen Song Dancing in the Dark
34%
Scotophobia, lygophobia, or nyctophobia Fear of the Dark
34%
Katy Perry song Ft. Juicy J Darkhorse
31%
2001 Sci-Fi movie with Gyllenhaal and Barrymore _____o Donnie Darko
31%
What Darth Vader translates to Dark Father
29%
Elvira's title Mistress of the Dark
26%
Disney superhero, alter ego of Drake Mallard Darkwing Duck
23%
2012 movie about the hunt for OBL Zero Dark Thirty
23%
Biopic about Winston Churchill, 2017 Darkest Hour
17%
2011 video game by FromSoftware Dark Souls
14%
Class in Harry Potter whose professorship was cursed Defense Against the Dark Arts
11%
Freemium Online MMO space shooter DarkOrbit
3%
Video game by Rare, unofficial sequel to Goldeneye Perfect Dark
3%
2003 Horror film with Emma Caufield Darkness Falls
0%
No matching quizzes found
Score Distribution
Percent of People with Each Score
Percentile by Number Answered
Your Score History
You have not taken this quiz